[Event "European Individual Chess Championship "]
[Site "Reykjavik, Iceland"]
[Date "2021.08.28"]
[Round "3.71"]
[White "Milikow, Elie"]
[Black "Saemundarson, Saethor Ingi"]
[Result "1-0"]
[WhiteElo "2242"]
[BlackElo "1216"]
[PlyCount "51"]
[EventDate "2021.08.26"]

1. e4 e5 2. Nf3 Nc6 3. Bb5 a6 4. Ba4 Nf6 5. Bxc6 dxc6 6. d3 Bc5 7. O-O Bg4 8.
Nbd2 O-O 9. h3 Bh5 10. Re1 Re8 11. Nf1 h6 12. Ng3 Bxf3 13. Qxf3 Qd7 14. Bxh6
gxh6 15. Qxf6 Qe6 16. Nh5 Kf8 17. Qf3 Qg6 18. Ng3 Re6 19. Nf5 Rf6 20. c3 Rd8
21. Rad1 Qg5 22. d4 exd4 23. cxd4 Bxd4 24. Qa3+ c5 25. Qxc5+ Rfd6 26. Rxd4 1-0

[Event "European Individual Chess Championship "]
[Site "Reykjavik, Iceland"]
[Date "2021.08.28"]
[Round "3.72"]
[White "Omarsson, Josef"]
[Black "Karason, Askell O"]
[Result "0-1"]
[WhiteElo "1211"]
[BlackElo "2270"]
[PlyCount "78"]
[EventDate "2021.08.26"]

1. d4 Nf6 2. Bf4 d5 3. e3 c5 4. Nf3 Nc6 5. c3 Qb6 6. Qc1 Bf5 7. Nbd2 Rc8 8. Be2
h6 9. h3 e6 10. Nb3 c4 11. Nbd2 Be7 12. O-O Qd8 13. b3 b5 14. b4 O-O 15. a4
bxa4 16. Rxa4 a5 17. bxa5 Nxa5 18. Qb2 Ne4 19. Rfa1 Nb3 20. Nxb3 Qb6 21. Bd1
cxb3 22. Ra6 Qb5 23. Be2 Qd7 24. Ne5 Qe8 25. Rc1 Ra8 26. Rxa8 Qxa8 27. Qxb3 Rb8
28. Qd1 Ba3 29. Ra1 Rb2 30. Qd3 Ng3 31. Qd1 Nxe2+ 32. Kh2 Nxf4 33. exf4 Qa6 34.
Qh5 Rb7 35. g4 Qe2 36. gxf5 Qxh5 37. Rxa3 Qxf5 38. Kg3 g5 39. fxg5 hxg5 0-1

[Event "European Individual Chess Championship "]
[Site "Reykjavik, Iceland"]
[Date "2021.08.28"]
[Round "3.73"]
[White "Butenandt, Svenja"]
[Black "Patt, Zafrir"]
[Result "1-0"]
[WhiteElo "2036"]
[BlackElo "1677"]
[PlyCount "101"]
[EventDate "2021.08.26"]

1. d4 Nf6 2. c4 e6 3. Nc3 d5 4. cxd5 exd5 5. Bg5 c6 6. e3 h6 7. Bh4 Bf5 8. g4
Bg6 9. Qb3 b6 10. Bg2 Be7 11. Bxf6 Bxf6 12. Nxd5 O-O 13. Nf4 Bh7 14. d5 Na6 15.
dxc6 Nc5 16. Qa3 Rc8 17. Rd1 Qe8 18. Nh5 Be7 19. Qc3 f6 20. Ne2 Kh8 21. Neg3
Bd8 22. O-O Bc7 23. b4 Be5 24. Qd2 Nd3 25. Nf4 Nb2 26. Rc1 Rd8 27. Qe2 Bxf4 28.
exf4 Nd3 29. Qxe8 Rdxe8 30. Rc4 g5 31. f5 Bg8 32. Rd4 Nf4 33. Bf3 Rc8 34. Rd7
Rf7 35. Rfd1 b5 36. Rxf7 Bxf7 37. Rd7 Be8 38. Rd6 Kg7 39. Kf1 Rc7 40. Ke1 h5
41. gxh5 g4 42. Bh1 Nh3 43. h6+ Kxh6 44. Rxf6+ Kg7 45. Re6 Bf7 46. f6+ Kf8 47.
Rd6 Be8 48. Nf5 Ng5 49. Ng7 Rc8 50. Bd5 Bf7 51. c7 1-0

[Event "European Individual Chess Championship "]
[Site "Reykjavik, Iceland"]
[Date "2021.08.28"]
[Round "3.74"]
[White "Ragnarsson, Heimir Pall"]
[Black "Johannsdottir, Johanna Bjorg"]
[Result "0-1"]
[WhiteElo "1619"]
[BlackElo "2019"]
[PlyCount "68"]
[EventDate "2021.08.26"]

1. c4 b6 2. Nf3 Bb7 3. g3 f5 4. Bg2 e6 5. O-O Nf6 6. a3 Be7 7. Qc2 O-O 8. Nc3
Nh5 9. d4 Bf6 10. g4 fxg4 11. Ng5 Bxg5 12. Bxb7 Bxc1 13. Raxc1 Nc6 14. Bxa8
Qxa8 15. e3 Qd8 16. Qe4 Qg5 17. Qg2 Rf3 18. Ne4 Qh4 19. b4 Ne7 20. b5 Nf5 21.
c5 Nf6 22. cxb6 Nxe4 23. bxc7 Nfd6 24. c8=Q+ Nxc8 25. Rxc8+ Kf7 26. Rc7 Ke7 27.
Rc2 Ng5 28. a4 Rh3 29. f4 Nf3+ 30. Rxf3 Rxf3 31. Qe2 Rh3 32. Rc5 h6 33. f5 g3
34. fxe6 gxh2+ 0-1

[Event "European Individual Chess Championship "]
[Site "Reykjavik, Iceland"]
[Date "2021.08.28"]
[Round "3.75"]
[White "Pozimski, Szymon"]
[Black "Thorisson, Benedikt"]
[Result "1-0"]
[WhiteElo "2019"]
[BlackElo "1624"]
[PlyCount "53"]
[EventDate "2021.08.26"]

1. Nf3 e6 2. d4 Nf6 3. g3 c5 4. Bg2 Nc6 5. O-O Be7 6. c4 O-O 7. d5 exd5 8. cxd5
Nb4 9. d6 Bxd6 10. a3 Qa5 11. Qxd6 Nc2 12. Ra2 Nb4 13. Bd2 Re8 14. Nd4 Qa6 15.
Qxa6 Nxa6 16. Nc2 Rxe2 17. Ne3 d6 18. Bf3 Be6 19. Ra1 Rxe3 20. Bxe3 Nd5 21. Bd2
Nac7 22. Nc3 Nxc3 23. Bxc3 Nd5 24. Rad1 Nxc3 25. bxc3 Rd8 26. Bxb7 d5 27. Bxd5
1-0

[Event "European Individual Chess Championship "]
[Site "Reykjavik, Iceland"]
[Date "2021.08.28"]
[Round "3.76"]
[White "Gade, Jens"]
[Black "Petursson, Gudni"]
[Result "0-1"]
[WhiteElo "1487"]
[BlackElo "1988"]
[PlyCount "82"]
[EventDate "2021.08.26"]

1. d4 Nf6 2. c4 e6 3. Nc3 Bb4 4. Bd2 O-O 5. Nf3 b6 6. e3 Bb7 7. Be2 c5 8. O-O
cxd4 9. exd4 d6 10. Bg5 Bxc3 11. bxc3 Nbd7 12. d5 e5 13. Qc2 Ba6 14. Rfe1 Rc8
15. Nd2 Nc5 16. Qf5 Qd7 17. Qxd7 Ncxd7 18. Rab1 Rc7 19. a4 h6 20. Bh4 g5 21.
Bg3 Nc5 22. Ra1 Nb7 23. f3 Na5 24. Ne4 Nxe4 25. fxe4 Bxc4 26. Bg4 Ba6 27. Re3
Kg7 28. h4 f6 29. h5 Bc8 30. Be2 Bd7 31. Be1 Nb7 32. c4 Nc5 33. a5 bxa5 34.
Bxa5 Rb7 35. Be1 Rfb8 36. g4 Rb1 37. Rxb1 Rxb1 38. Kf1 a5 39. Kf2 a4 40. Bc3 a3
41. Kf3 a2 0-1

[Event "European Individual Chess Championship "]
[Site "Reykjavik, Iceland"]
[Date "2021.08.28"]
[Round "3.77"]
[White "Nielsen, Thomas"]
[Black "Omarsson, Adam"]
[Result "1-0"]
[WhiteElo "1953"]
[BlackElo "1546"]
[PlyCount "75"]
[EventDate "2021.08.26"]

1. d4 Nf6 2. c4 g6 3. Nc3 Bg7 4. e4 d6 5. Be2 O-O 6. Be3 c5 7. e5 dxe5 8. dxe5
Qxd1+ 9. Rxd1 Ng4 10. Bxc5 Nxe5 11. Nd5 Nbc6 12. f4 Nd7 13. Bxe7 Re8 14. Ba3
Re4 15. Nf3 Nb6 16. Nd2 Re8 17. Nc7 Bg4 18. Nxe8 Rxe8 19. Nf3 Nd4 20. Nxd4 Bxe2
21. Nxe2 Nxc4 22. Kf2 b5 23. Bc5 Nxb2 24. Rd7 a6 25. Rc1 Bf6 26. Kf3 Nc4 27.
Rcd1 g5 28. g3 g4+ 29. Kf2 h5 30. Ra7 Rc8 31. Bd4 Bd8 32. Rxa6 h4 33. Rh6 hxg3+
34. hxg3 Kf8 35. Rh8+ Ke7 36. Bf6+ Kxf6 37. Rhxd8 Rc6 38. Ra8 1-0

[Event "European Individual Chess Championship "]
[Site "Reykjavik, Iceland"]
[Date "2021.08.28"]
[Round "3.78"]
[White "Moller, Tomas"]
[Black "Moller, Agnar T"]
[Result "1/2-1/2"]
[WhiteElo "1402"]
[BlackElo "1932"]
[PlyCount "66"]
[EventDate "2021.08.26"]

1. e4 e5 2. Nf3 Nc6 3. Bb5 a6 4. Ba4 Nf6 5. d3 b5 6. Bb3 Be7 7. c3 O-O 8. O-O
d6 9. Re1 Nb8 10. Nbd2 Bb7 11. Nf1 Nbd7 12. Ng3 Re8 13. d4 Bf8 14. d5 g6 15. h3
Bg7 16. Be3 Qe7 17. Qe2 c6 18. dxc6 Bxc6 19. Bg5 h6 20. Bxf6 Qxf6 21. Rad1 Nc5
22. Bd5 Bxd5 23. Rxd5 Qe7 24. Red1 Nb7 25. Ne1 h5 26. Qc2 Rec8 27. a4 b4 28. c4
Rc5 29. b3 Rxd5 30. Rxd5 Nc5 31. Nd3 Nxd3 32. Qxd3 Bf8 33. Nf1 Qc7 1/2-1/2

[Event "European Individual Chess Championship "]
[Site "Reykjavik, Iceland"]
[Date "2021.08.28"]
[Round "3.80"]
[White "Kjartansson, Matthias Bjorgvin"]
[Black "Heidarsson, Arnar Milutin"]
[Result "0-1"]
[WhiteElo "1389"]
[BlackElo "1916"]
[PlyCount "58"]
[EventDate "2021.08.26"]

1. d4 Nf6 2. c4 e6 3. Nc3 Bb4 4. Qc2 d6 5. Bg5 Nbd7 6. e3 O-O 7. Bd3 h6 8. Bh4
Qe8 9. Nge2 b6 10. O-O Bxc3 11. Nxc3 Bb7 12. e4 e5 13. Nb5 Qc8 14. dxe5 dxe5
15. Rfe1 Nh5 16. Be2 Nf4 17. Bg4 h5 18. Bxd7 Qxd7 19. Rad1 Qg4 20. Bg3 a6 21.
Nxc7 Rac8 22. Nd5 Bxd5 23. exd5 Rxc4 24. Qb3 Rb4 25. Qc3 Ne2+ 26. Rxe2 Qxe2 27.
Re1 Qxb2 28. Qc7 Rd4 29. d6 Qd2 0-1

[Event "European Individual Chess Championship "]
[Site "Reykjavik, Iceland"]
[Date "2021.08.28"]
[Round "3.81"]
[White "Ragnarsson, Johann"]
[Black "Kjartansson, Arnar Logi"]
[Result "1-0"]
[WhiteElo "1916"]
[BlackElo "1271"]
[PlyCount "75"]
[EventDate "2021.08.26"]

1. d4 Nf6 2. e3 g6 3. Bd3 Bg7 4. f4 d5 5. Nf3 O-O 6. O-O Bg4 7. Nbd2 Nbd7 8. h3
Bxf3 9. Nxf3 Nh5 10. c3 Ng3 11. Re1 Nf6 12. b3 Nfe4 13. Bxe4 Nxe4 14. Qc2 Rc8
15. Ng5 Ng3 16. Kh2 Nf5 17. g4 Nd6 18. Ba3 h6 19. Bxd6 Qxd6 20. Nf3 g5 21. Qd2
f6 22. Kg2 e5 23. f5 e4 24. Ng1 c5 25. dxc5 Rxc5 26. Red1 Qe5 27. Ne2 a5 28.
Qd4 Qc7 29. Rac1 Rd8 30. c4 Qc6 31. Nc3 Rc8 32. Nxd5 Bf8 33. Nxf6+ Kf7 34. Nd7
Bg7 35. f6 Bxf6 36. Nxf6 Qxf6 37. Rf1 Qf3+ 38. Rxf3+ 1-0

[Event "European Individual Chess Championship "]
[Site "Reykjavik, Iceland"]
[Date "2021.08.28"]
[Round "3.82"]
[White "Briem, Gudrun Fanney"]
[Black "Briem, Benedikt"]
[Result "0-1"]
[WhiteElo "1240"]
[BlackElo "1858"]
[PlyCount "98"]
[EventDate "2021.08.26"]

1. d4 Nf6 2. c4 e6 3. Nc3 Bb4 4. Bg5 c5 5. e3 Qa5 6. Nge2 Ne4 7. Bf4 Nxc3 8.
Nxc3 Bxc3+ 9. bxc3 Qxc3+ 10. Ke2 Qxc4+ 11. Qd3 Qxd3+ 12. Kxd3 cxd4 13. Kxd4
Nc6+ 14. Kc3 e5 15. Bg3 d5 16. Bb5 f6 17. Rhd1 Be6 18. Rac1 Ke7 19. Kb2 Rhc8
20. f3 a6 21. Ba4 Na5 22. Bb3 Rxc1 23. Rxc1 Kd6 24. f4 Rc8 25. Rxc8 Bxc8 26.
Kc3 Nc6 27. fxe5+ fxe5 28. Bc2 g6 29. h3 Kc5 30. e4 d4+ 31. Kd3 Be6 32. a3 Bc4+
33. Kd2 b5 34. Bd3 a5 35. Be1 b4 36. axb4+ Nxb4 37. Bb1 a4 38. Bg3 a3 39. Bxe5
a2 40. Bxa2 Nxa2 41. Bf6 Nc3 42. e5 Ne4+ 43. Ke1 d3 44. e6 d2+ 45. Kd1 Bb3+ 46.
Ke2 d1=Q+ 47. Ke3 Qd2+ 48. Kf3 Qf2+ 49. Kg4 Qg3# 0-1

[Event "European Individual Chess Championship "]
[Site "Reykjavik, Iceland"]
[Date "2021.08.28"]
[Round "3.83"]
[White "Gudmundsson, Gunnar Erik"]
[Black "Helgadottir, Idunn"]
[Result "1-0"]
[WhiteElo "1844"]
[BlackElo "1243"]
[PlyCount "133"]
[EventDate "2021.08.26"]

1. d4 Nf6 2. c4 e6 3. Nf3 b6 4. g3 Be7 5. Bg2 O-O 6. O-O c5 7. d5 Qc7 8. Nc3
Bb7 9. Nb5 Qc8 10. d6 Bd8 11. Re1 Ne4 12. Qd3 a6 13. Na3 b5 14. h4 bxc4 15.
Nxc4 Bd5 16. Ng5 Bxg5 17. Bxe4 Bxc1 18. Bxd5 exd5 19. Nb6 Qc6 20. Nxa8 Bxb2 21.
Rab1 c4 22. Qf3 c3 23. Nc7 c2 24. Rbc1 Bxc1 25. Rxc1 Qxd6 26. Nxd5 Nc6 27. Qe4
Nb4 28. Qxb4 Qxd5 29. Qc3 Qxa2 30. Rxc2 Qe6 31. Rd2 h6 32. Qc7 Re8 33. Rxd7
Qxe2 34. Rxf7 Qe5 35. Qd7 Qa1+ 36. Kg2 Re1 37. Rf3 Rg1+ 38. Kh3 Qf1+ 39. Kg4
Qc4+ 40. Rf4 Qe2+ 41. f3 Qe1 42. Qf7+ Kh7 43. Qf5+ Kh8 44. Qc8+ Kh7 45. Qc2+
Kg8 46. Qc4+ Kh7 47. Qd3+ Kg8 48. Qd5+ Kh7 49. Qe4+ Kg8 50. Qxe1 Rxe1 51. Kf5
Kf7 52. h5 Re6 53. Rc4 Re3 54. Rc7+ Re7 55. Rc6 Ra7 56. Rc4 a5 57. Ra4 Ra6 58.
f4 Ke7 59. Ke5 Ke8 60. g4 Ke7 61. g5 hxg5 62. fxg5 Kf8 63. g6 Kg8 64. Kd5 Rf6
65. Rc4 Kf8 66. Rc8+ Ke7 67. h6 1-0

[Event "European Individual Chess Championship "]
[Site "Reykjavik, Iceland"]
[Date "2021.08.28"]
[Round "3.85"]
[White "Ingason, Sigurdur"]
[Black "Gudnyjarson, Sigurdur Pall"]
[Result "1/2-1/2"]
[WhiteElo "1805"]
[BlackElo "1207"]
[PlyCount "122"]
[EventDate "2021.08.26"]

1. d4 Nf6 2. c4 e6 3. Nf3 Bb4+ 4. Bd2 Qe7 5. Nc3 d5 6. e3 O-O 7. Bd3 Nbd7 8. a3
Bxc3 9. Bxc3 Re8 10. Qc2 h6 11. O-O dxc4 12. Bxc4 Nb6 13. Bb4 Qd8 14. Bd3 Nbd5
15. Bd2 b6 16. e4 Ne7 17. Bf4 c6 18. Rfd1 Bb7 19. Qe2 Ng6 20. Bg3 Nh5 21. Qd2
Nxg3 22. hxg3 Qc7 23. Rac1 Qd7 24. Qe3 Rad8 25. Be2 Qc8 26. Qb3 Qb8 27. Ne1 c5
28. Qe3 cxd4 29. Rxd4 Rxd4 30. Qxd4 Rd8 31. Qe3 Qe5 32. Qc3 Qxc3 33. Rxc3 Bxe4
34. Bd3 Bxd3 35. Nxd3 Ne7 36. Kf1 Rc8 37. Rxc8+ Nxc8 38. Ke2 Kf8 39. Ke3 Ke7
40. Kd4 Kd6 41. Ne5 f6 42. Nc4+ Kc6 43. g4 Nd6 44. Nd2 e5+ 45. Ke3 Kd5 46. b3
f5 47. gxf5 Nxf5+ 48. Kd3 Nd6 49. f3 a5 50. Ke3 b5 51. Kd3 a4 52. bxa4 bxa4 53.
Nb1 Nb5 54. Ke3 g5 55. Kd3 h5 56. Ke3 Nd4 57. Kd3 Nb5 58. Ke3 Nd6 59. Nc3+ Ke6
60. Nxa4 Nc4+ 61. Ke4 Nxa3 1/2-1/2

[Event "European Individual Chess Championship "]
[Site "Reykjavik, Iceland"]
[Date "2021.08.28"]
[Round "3.86"]
[White "Hallmundarson, Birkir"]
[Black "Maggason, Oskar"]
[Result "0-1"]
[WhiteElo "1095"]
[BlackElo "1783"]
[PlyCount "34"]
[EventDate "2021.08.26"]

1. Nf3 d5 2. c4 e6 3. cxd5 exd5 4. e3 Nf6 5. d4 Bd6 6. b3 O-O 7. Na3 c6 8. Nc2
Bg4 9. h3 Bh5 10. Bd3 Ne4 11. Ba3 Bxa3 12. Nxa3 Qa5+ 13. Ke2 Nc3+ 14. Kf1 Nxd1
15. Nc2 Bxf3 16. gxf3 Qd2 17. Kg2 Qxf2# 0-1

[Event "European Individual Chess Championship "]
[Site "Reykjavik, Iceland"]
[Date "2021.08.28"]
[Round "3.87"]
[White "Tummasarson, Flovin M."]
[Black "Johannsson, Markus Orri"]
[Result "1-0"]
[WhiteElo "1764"]
[BlackElo "1117"]
[PlyCount "41"]
[EventDate "2021.08.26"]

1. e4 e5 2. Nf3 Nf6 3. d4 d5 4. Nxe5 Nxe4 5. Bd3 Nd7 6. Nxd7 Bxd7 7. O-O Be7 8.
Bxe4 dxe4 9. Nc3 Bb4 10. Nxe4 Bb5 11. c4 Bxc4 12. Qa4+ Qd7 13. Qxb4 Bxf1 14.
Kxf1 Qd5 15. Bg5 Kd7 16. Qe7+ Kc6 17. Rc1+ Kb6 18. Qxc7+ Ka6 19. Nc5+ Kb5 20.
a4+ Kb4 21. Bd2# 1-0

[Event "European Individual Chess Championship "]
[Site "Reykjavik, Iceland"]
[Date "2021.08.28"]
[Round "3.88"]
[White "Leifsson, Thorsteinn"]
[Black "Sveinbjornsson, Gudmundur Orri"]
[Result "0-1"]
[WhiteElo "1709"]
[BlackElo "1037"]
[PlyCount "54"]
[EventDate "2021.08.26"]

1. d4 Nf6 2. c4 g6 3. Nf3 d5 4. e3 Bg7 5. Nc3 Bf5 6. Be2 O-O 7. O-O c5 8. b3
Nc6 9. Bb2 Qd6 10. Nb5 Qd7 11. dxc5 a6 12. Nc3 Rfd8 13. Na4 dxc4 14. Qxd7 Rxd7
15. Nb6 Rad8 16. Nxd7 Rxd7 17. Bxc4 Nb4 18. Ne5 Rc7 19. Bxf7+ Kf8 20. Bc4 Ng4
21. Nxg4 Bxb2 22. Rab1 Bxb1 23. Rxb1 Bf6 24. Nxf6 exf6 25. a3 Nc2 26. Kf1 Nxa3
27. Bd5 Nxb1 0-1